| 000 | 01514cam a22003257a 4500 | ||
|---|---|---|---|
| 999 |
_c234094 _d234094 |
||
| 001 | 13321002 | ||
| 003 | Nust | ||
| 005 | 20170313151532.0 | ||
| 008 | 020705r20021958nyu 000 1 eng d | ||
| 010 | _a 2003542850 | ||
| 020 | _a9780330491181 | ||
| 035 | _a(OCoLC)ocm50127839 | ||
| 040 |
_aORX _cORX _dABC _dDLC |
||
| 042 | _alccopycat | ||
| 050 | 0 | 0 |
_aPR9272.9.N32 _bN54 2002 |
| 082 | 0 | 0 |
_a823.914 _bNAI |
| 100 | 1 |
_aNaipaul, V. S. _q(Vidiadhar Surajprasad), _d1932- |
|
| 245 | 1 | 4 |
_aThe nightwatchman's occurrence book : _band other comic inventions / _cV.S. Naipaul. |
| 250 | _a1st Vintage International ed. | ||
| 260 |
_aNew York : _bVintage International, _c2002. |
||
| 300 |
_avii, 546 p. ; _c21 cm. |
||
| 500 | _aOriginally published as 3 separate works in 1958, 1963 and 1967. | ||
| 505 | 0 | _aThe suffrage of Elvira -- Mr. Stone and the knights companion -- A flag on the island. | |
| 700 | 1 | 2 |
_aNaipaul, V. S. _q(Vidiadhar Surajprasad), _d1932- _tSuffrage of Elvira. |
| 700 | 1 | 2 |
_aNaipaul, V. S. _q(Vidiadhar Surajprasad), _d1932- _tMr. Stone and the knights companion. |
| 700 | 1 | 2 |
_aNaipaul, V. S. _q(Vidiadhar Surajprasad), _d1932- _tFlag on the island. |
| 856 | 4 | 1 |
_3Sample text _uhttp://www.loc.gov/catdir/samples/random041/2003542850.html |
| 856 | 4 | 2 |
_3Publisher description _uhttp://www.loc.gov/catdir/description/random042/2003542850.html |
| 906 |
_a7 _bcbc _ccopycat _d2 _encip _f20 _gy-gencatlg |
||
| 942 |
_2ddc _cBK |
||